El reto de Africa

Uloženo v:
Podrobná bibliografie
Hlavní autor: Sithole, Ndabaningi
Médium: Kniha
Jazyk:španělština
Vydáno: Fondo de Cultura Económica. 1961.
Témata:
Tagy: Přidat tag
Žádné tagy, Buďte první, kdo vytvoří štítek k tomuto záznamu!

MARC

LEADER 00000nam a22000005a 4500
001 13441
003 CL-ChBUA
005 20120815103456.0
008 070301s1961 mx 000 0 spa
040 |a CL-ChBUA  |c CL-ChBUA 
082 0 0 |a 960 
090 |c 13441  |d 13441 
100 1 |a Sithole, Ndabaningi. 
245 1 0 |a El reto de Africa 
260 |b Fondo de Cultura Económica.  |c 1961. 
300 |a 228 p.  |c 20 cm. 
504 |a Indice. 
650 4 |a AFRICA. 
942 |c LIB 
952 |0 0  |1 0  |4 0  |7 0  |9 19013  |a UNACH  |b UNACH  |c 900  |d 2007-03-05  |i 19.111.  |l 0  |o 960 / Si 622.  |p 20012  |r 2012-12-27 00:00:00  |u 19013  |w 2012-08-08  |y LIB  |k 960 / Si 622. 
999 |c 13441  |d 13441